000 00476cam a22001571 4500
082 0 0 _a123.773
_bWAB
_cD
100 1 _aWashington, Booker T.,
_949668
245 1 0 _aUp from slavery,
_ban autobiography.
260 _aGarden City, N.Y.,
_bDoubleday,
_c1963.
300 _a243 p.
_billus.
_c22 cm.
526 _a0
_b0
_c0
_d123_773000000000000_WAB
650 0 _aAfrican Americans
_927253
650 0 _aCollege presidents
_zUnited States
_949669
650 0 _aMCE
_9379
942 _2ddc
_cBK
999 _c552458
_d552458